Maternal & child health nursing : (Record no. 362580)
[ view plain ]
| 000 -LEADER | |
|---|---|
| fixed length control field | 00518nam a2200157Ia 4500 |
| 008 - FIXED-LENGTH DATA ELEMENTS--GENERAL INFORMATION | |
| fixed length control field | 191111s9999 xx 000 0 und d |
| 020 ## - INTERNATIONAL STANDARD BOOK NUMBER | |
| International Standard Book Number | 9781975126995 |
| 100 ## - MAIN ENTRY--PERSONAL NAME | |
| Personal name | Silbert-Flagg, JoAnne. |
| 245 ## - TITLE STATEMENT | |
| Statement of responsibility, etc | JoAnne Silbert-Flagg.-- |
| Title | Maternal & child health nursing : |
| Remainder of title | care of the childbearing & childrearing family / |
| 250 ## - EDITION STATEMENT | |
| Edition statement | 8th ed |
| 260 ## - PUBLICATION, DISTRIBUTION, ETC. (IMPRINT) | |
| Place of publication, distribution, etc | USA : |
| Name of publisher, distributor, etc | Wolters Kluwer |
| Date of publication, distribution, etc | 2018 |
| 300 ## - PHYSICAL DESCRIPTION | |
| Extent | xxxii, 1659 pages. |
| 440 ## - SERIES STATEMENT/ADDED ENTRY--TITLE | |
| Volume number/sequential designation | vol 1 |
| 650 ## - SUBJECT ADDED ENTRY--TOPICAL TERM | |
| Topical term or geographic name as entry element | Maternala nd infant welfare |
| 650 ## - SUBJECT ADDED ENTRY--TOPICAL TERM | |
| Topical term or geographic name as entry element | Nursing -- study and teaching |
| Withdrawn status | Lost status | Damaged status | Home library | Current library | Shelving location | Date acquired | Source of acquisition | Total Checkouts | Full call number | Barcode | Date last seen | Date checked out | Price effective from | Koha item type |
|---|---|---|---|---|---|---|---|---|---|---|---|---|---|---|
| College Library | College Library | Reserve Section | 11/11/2019 | Library Fund | 1 | RG 516 .F574 2018 | C21934 | 10/07/2024 | 09/20/2024 | 11/11/2019 | Books |